000 00286nam a22001217a 4500
008 171027b xxu||||| |||| 00| 0 eng d
041 _aeng
080 _a336
100 _a56
101 _aFIN
245 _aPROGRAM BUDGETING AND BENEFIT-COST ANALYSIS
_cHINRICHS, H.H
942 _2udc
_cBK
999 _c36286
_d36286